| 000 | 00641nam a2200181Ia 4500 | ||
|---|---|---|---|
| 008 | 090630s9999 xx 000 0 und d | ||
| 082 | _b23326 | ||
| 100 | _aनगर्सेकर सुरेश. | ||
| 245 |
_aनाभी चिकित्सा. _cनगर्सेकर सुरेश. |
||
| 260 |
_bमनोरमा - मुंबई. _c2004 |
||
| 300 | _a40 | ||
| 600 | _aनगर्सेकर सुरेश. | ||
| 630 | _aनाभी चिकित्सा. | ||
| 655 | _aइतर. | ||
| 700 | _aनगर्सेकर सुरेश. | ||
| 730 | _aनाभी चिकित्सा. | ||
| 942 | _cBOOK | ||
| 999 |
_c275182 _d275182 |
||